Marketisation of governance : (Record no. 2580)
[ view plain ]
| 000 -LEADER | |
|---|---|
| fixed length control field | 01037nam a2200181Ia 4500 |
| 005 - DATE AND TIME OF LATEST TRANSACTION | |
| control field | 20240405052017.0 |
| 008 - FIXED-LENGTH DATA ELEMENTS--GENERAL INFORMATION | |
| fixed length control field | 240331s9999 xx 000 0 und d |
| 020 ## - INTERNATIONAL STANDARD BOOK NUMBER | |
| ISBN | 0799220191 |
| 082 ## - DDC Classification | |
| Item Number - Author Mark | TAY |
| Class No. | 330 |
| 100 ## - MAIN ENTRY--PERSONAL NAME | |
| Personal name | Taylor, Viviene |
| 245 #0 - TITLE STATEMENT | |
| Title | Marketisation of governance : |
| Remainder of title | critical feminist perspectives from the South |
| 250 ## - EDITION STATEMENT | |
| Edition statement | 1 St |
| 260 ## - PUBLICATION, DISTRIBUTION, ETC. | |
| Place of publication, distribution, etc. | South Africa : |
| Name of publisher, distributor, etc. | SADEP university of Cape / |
| Date of publication, distribution, etc. | 2000. |
| 300 ## - PHYSICAL DESCRIPTION | |
| Extent (e.g. Volumes, Pages etc.) | xv, 171 p., |
| 500 ## - GENERAL NOTE | |
| General note | Woman all over the world produce exquisite textiles, skillfully woven or elaborately embellished with beadwork and intricate embroidery. The meagre financial benefits they derive from this work bear little relation to the long hours of labor and high levels of skill, creativity and dedication required. This largely unrecognized art form is also an important repository of cultural, social and religious traditions. The cover of this books shows some examples of weaving, beadwork and embroidery created by unknown, unnamed women in the south. |
| 650 ## - SUBJECT ADDED ENTRY--TOPICAL TERM | |
| Topical term or geographic name entry element | Feminisum |
| 942 ## - Koha item type (Biblio) | |
| Koha item type | Books in Stacks (Lending) |
| Lost status | Damaged status | Collection code | Home library | Current library | Shelving location | Date acquired | Full call number | Accession Number | Item type |
|---|---|---|---|---|---|---|---|---|---|
| Lending | WERC Library | WERC Library | Social Science Cupboard | 03/31/2024 | 330 TAY | 4270 | Books in Stacks (Lending) |
